Autostrade italiane - Statistics

Statistiche generali
  • Questo quiz è stato fatto 193 volte
  • Il punteggio medio è 9 su 26
Statistiche sulle risposte
Autostrada Itinerario Risposta % Corretto
Autostrada A1 Milano-Napoli del Sole
99%
Autostrada A14 Bologna-Taranto Adriatica
59%
Autostrada A10 Genova-Ventimiglia dei Fiori
51%
Autostrada A22 Brennero-Modena del Brennero
51%
Autostrada A8 Milano-Varese dei Laghi
50%
Autostrada A4 Torino-Trieste Serenissima
49%
Autostrada A15 Parma-La Spezia della Cisa
41%
Autostrada A35 Brescia-Milano BreBeMi
40%
Autostrada A2 Salerno-Reggio Calabria del Mediterraneo
40%
Autostrada A9 Lainate-Como-Chiasso (CH) dei Laghi
36%
Autostrada A7 Milano-Genova dei Giovi
35%
Autostrada A26 Genova Voltri-Gravellona Toce dei Trafori
35%
Autostrada A5 Torino-Traforo Monte Bianco della Valle d'Aosta
34%
Autostrada A21 Torino-Piacenza-Brescia dei Vini
33%
Autostrada A11 Firenze-Pisa Firenze-Mare
31%
Autostrada A24 Roma-L'Aquila-Teramo Strada dei Parchi
30%
Autostrada A12 Genova-Cecina / Tarquinia-Roma Azzurra
28%
Autostrada A32 Torino-Bardonecchia del Frejus
27%
Autostrada A16 Napoli-Canosa dei Due Mari
24%
Autostrada A6 Torino-Savona La Verdemare
24%
Autostrada A25 Torano-Pescara Strada dei Parchi
24%
Autostrada A36 Cassano Magnago-Lentate sul Seveso Pedemontana Lombarda
23%
Autostrada A31 Badia Polesine-Piovene Rocchette della Val d'Astico
22%
Autostrada A13 Bologna-Padova Euganea
20%
Autostrada A27 Venezia-Belluno d'Alemagna
14%
Autostrada A23 Palmanova-Tarvisio Alpe-Adria
13%
Nessun quiz corrispondente trovato
Distribuzione punteggi
Percentuale di utenti per punteggio
Percentile per numero di risposta
I tuoi punteggi nel tempo
Non hai fatto questo quiz